000 00701nas a2200253 4500
001 BR7303200
003 BR-BrBNA
005 20231205082453.0
007 ta
008 230509b bl.|||p| |||| 00| 00por d
040 _aBR-BrBNA
_bpor
_cBiblioteca Nacional de Agricultura
041 _a(Pt)
072 _aQ10
100 1 _aAnon.
245 1 _aAspecto e bebida fixam despolpado [cafe, colheita]
650 _aTECNOLOGIA DE ALIMENTO
650 _aCAFE
650 _aCOLHEITA
650 _aDESPOLPAMENTO
650 _aSECAGEM
773 0 _tDirigente Rural (Brazil)
_xISSN 0012-3374
_g(Apr 1969), v. 8(7) p. 19-20
_wBR7303200
909 _a202311
_bLúcia
_c55
_dLúcia Elande
942 _2AGRIS
_n0
_cANA
999 _c92096
_d92096